000 00271nam a2200109Ia 4500
008 190216s9999||||xx |||||||||||||| ||und||
100 _aGurtu J N
245 0 _aAdvanced Physical Chemistry Experiments
260 _bPragathi Prakashan
_c2000
300 _a329p
942 _cBK
999 _c3008
_d3008